Исследование робастного регулятора системы горячего водоснабжения; Энергетика: Эффективность, надежность, безопасность

التفاصيل البيبلوغرافية
Parent link:Энергетика: Эффективность, надежность, безопасность.— 2012.— [С. 494-497]
المؤلف الرئيسي: Езангина Т. А. Татьяна Александровна
الملخص:Заглавие с титульного листа
اللغة:الروسية
منشور في: 2012
سلاسل:Общие вопросы энергетики
الموضوعات:
الوصول للمادة أونلاين:http://www.lib.tpu.ru/fulltext/c/2012/C15/192.pdf
التنسيق: MixedMaterials الكتروني فصل الكتاب
KOHA link:https://koha.lib.tpu.ru/cgi-bin/koha/opac-detail.pl?biblionumber=233861

MARC

LEADER 00000naa2a2200000 4500
001 233861
005 20260120125700.0
035 |a (RuTPU)RU\TPU\book\254943 
035 |a RU\TPU\book\254938 
090 |a 233861 
100 |a 20130313d2012 k y0rusy50 ca 
101 0 |a rus 
102 |a RU 
135 |a drcn ---uucaa 
181 0 |a i  
182 0 |a b 
200 1 |a Исследование робастного регулятора системы горячего водоснабжения  |f Т. А. Езангина 
203 |a Текст  |c электронный 
215 |a 1 файл (447 Кб) 
225 1 |a Общие вопросы энергетики 
300 |a Заглавие с титульного листа 
320 |a [Библиогр.: с. 497 ( 2 назв.)] 
337 |a Adobe Reader 
463 1 |0 (RuTPU)RU\TPU\book\254143  |t Энергетика: Эффективность, надежность, безопасность  |o материалы XVIII Всероссийской научно-технической конференции, 5-7 декабря 2012 г., Томск  |f Национальный исследовательский Томский политехнический университет (ТПУ) ; ред. кол. В. В. Литвак [и др.]  |v [С. 494-497]  |d 2012 
610 1 |a труды учёных ТПУ 
610 1 |a электронный ресурс 
610 1 |a исследование 
610 1 |a робототехнические системы 
610 1 |a горячее водоснабжение 
700 1 |a Езангина  |b Т. А.  |c специалист в области информатики и вычислительной техники  |c инженер Томского политехнического университета  |f 1987-  |g Татьяна Александровна  |3 (RuTPU)RU\TPU\pers\35610 
801 1 |a RU  |b 63413507  |c 20120830 
801 2 |a RU  |b 63413507  |c 20170503  |g RCR 
856 4 |u http://www.lib.tpu.ru/fulltext/c/2012/C15/192.pdf 
942 |c CF